Derecho comercial de los titulos-valores : (Registro nro. 29418)

Detalles MARC
000 -LEADER
fixed length control field 00971nam a2200253Ia 4500
003 - CONTROL NUMBER IDENTIFIER
control field CO-CtgCURN
005 - DATE AND TIME OF LATEST TRANSACTION
control field 20250408213711.0
008 - FIXED-LENGTH DATA ELEMENTS--GENERAL INFORMATION
fixed length control field 190723s9999 xx 000 0 und d
020 ## - INTERNATIONAL STANDARD BOOK NUMBER
International Standard Book Number 9586763609
040 ## - CATALOGING SOURCE
Original cataloging agency CO-CtgCURN
Language of cataloging spa
Transcribing agency coctgcurn
082 ## - DEWEY DECIMAL CLASSIFICATION NUMBER
Classification number 346.092
Item number B389d
100 ## - MAIN ENTRY--PERSONAL NAME
Personal name Becerra Leon, Henry Alberto
245 #0 - TITLE STATEMENT
Title Derecho comercial de los titulos-valores :
Remainder of title incluye aplicación de las leyes 791 de 2002 y 794 de 2003 /
Statement of responsibility, etc. Henry Alberto Becerra Leon
250 ## - EDITION STATEMENT
Edition statement 4 edición
260 ## - PUBLICATION, DISTRIBUTION, ETC.
Place of publication, distribution, etc. Bogotá, Colombia :
Name of publisher, distributor, etc. Ediciones Doctrina y Ley,
Date of publication, distribution, etc. 2006
300 ## - PHYSICAL DESCRIPTION
Extent 486 páginas ;
Dimensions 24 centímetros
504 ## - BIBLIOGRAPHY, ETC. NOTE
Bibliography, etc. note Incluye referencias bibliográficas (p. 485-486)
521 ## - TARGET AUDIENCE NOTE
Target audience note AREA PROFESIONAL
590 ## - LOCAL NOTE (RLIN)
Local note Programa de Derecho_18
650 ## - SUBJECT ADDED ENTRY--TOPICAL TERM
Topical term or geographic name entry element Derecho comercial
942 ## - ADDED ENTRY ELEMENTS (KOHA)
Koha item type Libros
Classification part 346.092
Item part B389d
Koha issues (borrowed), all copies 1
Source of classification or shelving scheme Dewey Decimal Classification
Suppress in OPAC No
Existencias
Withdrawn status Lost status Damaged status Not for loan Collection Home library Current library Shelving location Date acquired Inventory number Total checkouts Full call number Barcode Date last seen Date last checked out Copy number Price effective from Koha item type
          Miguel Henríquez Castañeda Barranquilla Miguel Henríquez Castañeda Barranquilla General 05/23/2018 02072 1 346.092 B389d 02072 08/16/2019 08/16/2019 ej.1 07/23/2019 Libros
          Miguel Henríquez Castañeda Barranquilla Miguel Henríquez Castañeda Barranquilla General 05/23/2018 02073   346.092 B389d 02073 07/23/2019   ej.2 07/23/2019 Libros